MARC

LEADER 00000nam0a2200000 4500
001 45048
005 20231031023442.0
035 |a (RuTPU)RU\TPU\book\46798 
090 |a 45048 
100 |a 20021128d1979 k y0rusy50 ca 
101 0 |a rus 
102 |a RU 
105 |a a z 001zy 
200 1 |a Кинетика и механизм гетерогенных реакций  |f Академия Наук СССР; Институт химии и технологии редких элементов и минерального сырья; Под ред. Л. П. Шульгина 
210 |a Ленинград  |c Наука  |d 1979 
215 |a 111 с.  |c ил. 
320 |a Библиогр. в конце статей 
610 1 |a химия 
610 1 |a кинетика 
610 1 |a гетерогенные реакции 
610 1 |a растворы 
675 |a 544.41  |v 3 
702 1 |a Шульгин  |b Л. П.  |4 340 
712 0 2 |a Академия наук СССР (АН СССР)  |b Институт химии и технологии редких элементов и минерального сырья им. И. В. Тананаева (ИХТРЭМС)  |c (Апатиты)  |2 stltpush  |3 (RuTPU)RU\TPU\col\11482 
801 1 |a RU  |b 63413507  |c 20021128  |g PSBO 
801 2 |a RU  |b 63413507  |c 20200629  |g PSBO 
942 |c BK